000 00352nam a22001457a 4500
003 OSt
008 220521b ||||| |||| 00| 0 eng d
020 _a81-7992-162-X
082 _a658.4092 SHM
100 _aSHARMA, Robin
245 _aMonk Who Sold His Ferrari
260 _aMumbai
_bJaico Publishing House
_c2020
300 _a198
942 _2ddc
_cBK
999 _c11242
_d11242